000 00749nam a2200193Ii 4500
003 JO-AjNU
008 230605s9999||||xx |||||||||||||| ||und||
040 _aJO-AjNU
_bara
_erda
_cJO-AjNU
041 _aara
050 1 4 _aHD30.28.D67
100 3 _aالدوري،زكريا مطلك,
_eauthor
_933290
245 0 0 _aالادارة الاستراتيجية:مفاهيم وعمليات وحالات دراسية=Strategic Management:Concepts,Process and Case Study
264 3 1 _aعمان:دار اليازوري العلمية للنشر والتوزيع
300 _a400ص
336 _atext
_btxt
_2rdacontent
337 _aunmediated
_bn
_2rdamedia
338 _avolume
_bnc
_2rdacarrier
650 4 _aادارة الاعمال-مفاهيم
_933291
999 _aA13535
_c17103
_d17103